000 00575nam a2200217Ia 4500
003 OSt
005 20220928144052.0
006 a|||||r|||| 00| 0
007 ta
008 220927b |||||||| |||| 00| 0 eng d
024 _a24015
037 _cTextual
040 _aSDCL
_cSDCL
_beng
041 _2eng
_aeng
082 _aX9:97.8'N7, M0
100 _aJ Frenkel Stephen Ed.
_9506701
245 0 _aIndustrial action patterns of labour conflict
260 _c1980
942 _hX9:97.8'N7, M0
_cTEXL
_2CC
999 _c825940
_d825940